|
|
|
|
| LEADER |
00582cam a2200181 7i4500 |
| 001 |
0000019049 |
| 005 |
20070326090000.0 |
| 090 |
0 |
0 |
|a CAMB 346.59607
|b CAM
|
| 245 |
0 |
0 |
|a Cambodia legal & investment guide.
|
| 250 |
0 |
0 |
|a 2006 ed.
|
| 260 |
0 |
0 |
|a Phnom Penh:
|b Dirksen Flipse Doran & Le,
|c 2005.
|
| 300 |
# |
# |
|a 169 p..
|
| 440 |
0 |
0 |
|a Mekong law report
|
| 650 |
0 |
0 |
|a Investments,Foreign --
|x Law and legislation --
|z Cambodia
|
| 650 |
0 |
0 |
|a Corporation law --
|z Cambodia
|
| 650 |
0 |
0 |
|a Commercial law --
|z Cambodia
|
| 651 |
0 |
0 |
|a Cambodia
|
| 999 |
|
|
|a 0000019622
|b Book
|c Countries
|e Business Information Centre
|